000 03190cam a2200289 4500
001 L152975
008 110519n2006 000 0 eng u
020 _a9780727737762
035 _a(Sirsi) u152975
041 0 _aeng
050 _a624.08
100 _aTotterdill, B.
245 _aFIDIC user's guide
_bA Practical Guide to the 1999 Red and Yellow Books - Incorporating changes and additions to the 2005 MDB Harmonised Edition
_h[electronic resource]
260 _aLondon
_bThomas Telford
_c2006
350 _a35
505 2 _a1 The Traditional and the 1999 FIDIC Conditions of Contract -- 1 Introduction to the FIDIC Conditions of Contract -- 2 Comparisons between the different FIDIC Conditions of Contract -- 3 The 1999 FIDIC Red and Yellow Books -- 4 Claims and dispute procedures -- 5 Flow charts -- Part 2 The FIDIC Conditions of Contract for Construction and for Plant and Design-Build -- 6 Introduction to -- 7 Contents: General Conditions -- 8 Definitions listed alphabetically -- 9 Clause 1: General Provisions -- 10 Clause 2: The Employer -- 11 Clause 3: The Engineer -- 12 Clause 4: The Contractor -- 13 Clause 5 (RB): Nominated Subcontractors -- 14 Clause 5 (YB): Design -- 15 Clause 6: Staff and Labour -- 16 Clause 7: Plant, Materials and Workmanship -- 17 Clause 8: Commencement, Delays and Suspension -- 18 Clause 9: Tests on Completion -- 19 Clause 10: Employer's Taking Over -- 20 Clause 11: Defects Liability -- 21 Clause 12 (RB): Measurement and Evaluation -- 22 Clause 12 (YB): Tests after Completion -- 23 Clause 13: Variations and Adjustments -- 24 Clause 14: Contract Price and Payment -- 25 Clause 15: Termination by Employer -- 26 Clause 16: Suspension and Termination by Contractor -- 27 Clause 17: Risk and Responsibility -- 28 Clause 18: Insurance -- 29 Clause 19: Force Majeure -- 30 Clause 20: Claims, Disputes and Arbitration -- Part 3 Appendices -- A1 General Conditions of Dispute Adjudication Agreement -- A2 Annex: Procedural Rules -- A3.1 Index of Sub-Clauses in the Conditions of Contract for Construction -- A3.2 Index of Sub-Clauses in the Conditions of Contract for Plant and Design-Build -- A4 Annexes and Forms -- Part 4 MDB Harmonised Edition of the FIDIC Conditions of Contract for Construction -- 31 The MDB Edition -- Part 5 Sub-Clause comparison
520 _aThe FIDIC Conditions of Contract for Construction and the Conditions of Contract for Plant and Design-Build (known as the '1999 Red Book' and the '1999 Yellow Book') were first published in 1999 and have been used for a large number of contracts around the world. During 2005, FIDIC and the multilateral development banks cooperated to publish the MDB Harmonised Conditions of Contract for Construction. This book is a revised and extended edition of the author's earlier guides.
650 _aCLAIMS
650 _aDISPUTES
650 _aFIDIC CONDITIONS OF CONTRACT
650 _aFIDIC RED BOOK
650 _aRICS APPRAISAL AND VALUATION MANUAL
651 4 _aENGLAND AND WALES
690 _aBUILT ENVIRONMENT-BUILDING CONTRACT FORMS
856 4 0 _uhttps://www.vlebooks.com/
_zView on VLEbooks. Logins for members only from [email protected]
942 _n0
999 _c112303
_d112303